Sports Quiz

Random Sports or Auto Racing Quiz

Indycar Las Vegas 2011 Results Quiz Stats

Quiz not verified by Sporcle

Challenge
Share
Tweet
Embed
Score 0/34 Timer 10:00
0 Plays Today
Hint Answer % Correct
#82 (KV Racing)Tony Kanaan
100%
#77 (Sam Schmidt/BHA/Curb-Agajanian)Dan Wheldon
96.3%
#12 (Roger Penske)Will Power
96.3%
#26 (Andretti Autosport)Marco Andretti
92.6%
#3 (Roger Penske)Helio Castroneves
92.6%
#9 (Chip Ganassi)Scott Dixon
92.6%
#10 (Chip Ganassi)Dario Franchitti
92.6%
#28 (Andretti Autosport)Ryan Hunter-Reay
88.9%
#5 (KV Racing Technology)Takuma Sato
88.9%
#7 (Andretti Autosport)Danica Patrick
85.2%
#83 (Chip Ganassi)Charlie Kimball
85.2%
#67 (Sarah Fisher)Ed Carpenter
81.5%
#38 (Chip Ganassi)Graham Rahal
81.5%
#06 (Newman-Haas Racing)James Hinchcliffe
81.5%
#2 (Newman-Haas Racing)Oriol Servia
77.8%
#6 (Roger Penske)Ryan Briscoe
74.1%
#4 (Panther Racing)J.R. Hildebrand
74.1%
Hint Answer % Correct
#98 (Sam Schmidt/BHA/Curb-Agajanian)Alex Tagliani
70.4%
#8 (Dragon Racing)Paul Tracy
66.7%
#59 (KV Racing Technology)E.J. Viso
66.7%
#14 (A.J. Foyt)Vitor Meira
63%
#15 (Rahal Letterman Lanigan Racing)Jay Howard
63%
#30 (Rahal Letterman Lanigan Racing)Pippa Mann
63%
#34 (Eric Bachelart)Sebastian Saavedra
55.6%
#27 (Andretti Autosport)Mike Conway
55.6%
#44 (Panther Racing)Buddy Rice
51.9%
#19 (Dale Coyne)Alex Lloyd
48.1%
#22 (Dreyer & Reinbold Racing)Townsend Bell
44.4%
#78 (Keith Wiggins)Simona de Silvestro
40.7%
#11 (Dreyer & Reinbold Racing)Davey Hamilton
37%
#18 (Dale Coyne)James Jakes
37%
#17 (Sam Schmidt)Wade Cunningham
37%
#57 (Sarah Fisher)Tomas Scheckter
37%
#24 (Dreyer & Reinbold Racing)Ana Beatriz
29.6%

You're not logged in!

Compare scores with friends on all Sporcle quizzes.
Sign Up with Email
OR
Log In

You Might Also Like...

Show Comments

Extras

Top Quizzes Today


Score Distribution

Your Account Isn't Verified!

In order to create a playlist on Sporcle, you need to verify the email address you used during registration. Go to your Sporcle Settings to finish the process.